000 00848nam a22002057a 4500
999 _c62520
_d62520
005 20241127124113.0
008 241127s2016 en ||||| |||| 00| 0 eng d
020 _a9781506314945 X
041 _aeng
080 _a51(075.3) W-31
100 _aWathall, Jennifer
_d(Author)
_923800
245 _aConcept-based mathematics :
_bteaching for deep understanding in secondary classrooms /
_cJennifer Wathall, Foreword by H. Lynn Erickson.
264 _aLondon:
_bCalifornia,
_c2016.
300 _a268 p.:
_bill ;
_c25 cm.
653 _aConcept-based mathematics
653 _aThis book helps students achieve the deep understanding and skills called for by global standards and be prepared for the 21s
653 _aმათემატიკა
700 _a Erickson, H. Lynn
_eწინასიტყვაობა
_923801
942 _2udc
_cBK